[Event "Groningen op 59th"]
[Site "Groningen"]
[Date "2023.12.29"]
[Round "8"]
[White "Jacobs, Florian"]
[Black "Stremavicius, Pijus"]
[Result "0-1"]
[WhiteElo "2218"]
[BlackElo "2367"]
[PlyCount "62"]
[EventDate "2023.12.21"]
[EventType "swiss"]
[EventRounds "9"]
[EventCountry "NED"]
[SourceTitle "CB04_2024"]
[SourceDate "2023.10.16"]
[SourceVersion "1"]
[SourceVersionDate "2023.10.16"]
[SourceQuality "1"]

1. d4 e6 2. c4 b6 3. a3 Bb7 4. Nc3 f5 5. Nf3 Nf6 6. g3 Ne4 7. Qd3 Be7 8. Bg2 0-0 9. 0-0 Bf6 10. Bd2 d5 11. cxd5 exd5 12. Bf4 c6 13. Rac1 Nd7 14. h4 Rc8 15. Rfd1 Qe7 16. b4 Rfe8 17. Bf1 h6 18. b5 c5 19. h5 Qf7 20. Ne5 Bxe5 21. dxe5 d4 22. Bg2 Nxe5 23. Bxe5 Rxe5 24. Nb1 Rce8 25. Bf3 Nf6 26. Nd2 Bxf3 27. exf3 Qxh5 28. Kg2 Nd5 29. Nc4 Re2 30. Rd2 Re1 31. Rxe1 Rxe1 0-1

[Event "Riga Tal Memorial rapid"]
[Site "Riga"]
[Date "2019.07.17"]
[Round "7"]
[White "Halkias, Stelios"]
[Black "Jacobs, Florian"]
[Result "1-0"]
[WhiteElo "2553"]
[BlackElo "2203"]
[PlyCount "85"]
[EventDate "2019.07.16"]
[EventType "swiss (rapid)"]
[EventRounds "11"]
[EventCountry "LAT"]
[SourceTitle "CBM 191 Extra"]
[Source "ChessBase"]
[SourceDate "2019.09.30"]
[SourceVersion "1"]
[SourceVersionDate "2019.09.30"]
[SourceQuality "1"]

1. Nf3 d5 2. d4 Nf6 3. c4 e6 4. g3 Bb4+ 5. Nc3 0-0 6. Bg2 dxc4 7. a3 Ba5 8. 0-0 Bd7 9. Ne5 Bc6 10. Bxc6 Nxc6 11. Nxc4 Bb6 12. e3 Re8 13. Qc2 e5 14. d5 Ne7 15. Rd1 Nc8 16. e4 Nd6 17. Nxb6 axb6 18. f3 Nd7 19. Kg2 Rf8 20. g4 Re8 21. Ne2 Nf8 22. Ng3 Ng6 23. Rf1 b5 24. b3 b4 25. a4 Nb5 26. Be3 Nc3 27. Bc5 Nf4+ 28. Kh1 h5 29. Bxb4 h4 30. Bxc3 hxg3 31. hxg3 Ng6 32. Kg2 c6 33. dxc6 bxc6 34. a5 Qb8 35. Rfd1 Qb5 36. Be1 Nf8 37. Qc4 Qb8 38. Bc3 Ne6 39. b4 Rd8 40. Qe2 Nd4 41. Bxd4 exd4 42. Qc4 Qe5 43. Rd3 1-0

[Event "Riga Tech op 7th"]
[Site "Riga"]
[Date "2017.08.07"]
[Round "1"]
[White "Jacobs, Florian"]
[Black "Shirov, Alexei"]
[Result "0-1"]
[WhiteElo "2263"]
[BlackElo "2648"]
[PlyCount "102"]
[EventDate "2017.08.07"]
[EventType "swiss"]
[EventRounds "9"]
[EventCountry "LAT"]
[SourceTitle "CBM 179 Extra"]
[Source "ChessBase"]
[SourceDate "2017.08.23"]
[SourceVersion "1"]
[SourceVersionDate "2017.08.23"]
[SourceQuality "1"]

1. d4 d5 2. c4 c6 3. Nf3 Nf6 4. e3 Bg4 5. Qb3 Qb6 6. Nc3 e6 7. Nh4 Nbd7 8. h3 Bh5 9. g4 Bg6 10. Nxg6 hxg6 11. Bg2 g5 12. 0-0 Be7 13. Rd1 Nf8 14. Qc2 dxc4 15. e4 e5 16. Be3 exd4 17. Bxd4 Qc7 18. e5 N6d7 19. Ne4 Nxe5 20. Bxe5 Qxe5 21. Nd6+ Bxd6 22. Re1 Ng6 23. Qxc4 0-0 24. Rxe5 Bxe5 25. Qb3 Rfd8 26. Re1 Bd4 27. Qxb7 Rab8 28. Qc7 Bb6 29. Qxc6 Nf4 30. Bf1 Rd2 31. Re8+ Rxe8 32. Qxe8+ Kh7 33. Qe1 Rxb2 34. a4 Rxf2 35. Qxf2 Kg6 36. Qxb6+ axb6 37. Kf2 Kf6 38. Ke3 Ke5 39. Bc4 f6 40. Bf1 Ne6 41. Bb5 Kd5 42. Kd2 Kd4 43. Kc2 Nc5 44. Kb2 Nd3+ 45. Kb3 Nf4 46. Bf1 Kc5 47. Kc3 g6 48. Kb3 f5 49. gxf5 gxf5 50. Kc3 g4 51. hxg4 fxg4 0-1

[Event "Hilversum op"]
[Site "Hilversum"]
[Date "2017.06.25"]
[Round "6"]
[White "Becx, Cesar"]
[Black "Jacobs, Florian"]
[Result "0-1"]
[WhiteElo "2078"]
[BlackElo "2270"]
[PlyCount "90"]
[EventDate "2017.06.23"]
[EventType "swiss"]
[EventRounds "6"]
[EventCountry "NED"]
[SourceTitle "CBM 179 Extra"]
[Source "ChessBase"]
[SourceDate "2017.08.23"]
[SourceVersion "1"]
[SourceVersionDate "2017.08.23"]
[SourceQuality "1"]

1. f4 d5 2. Nf3 g6 3. g3 Bg7 4. Bg2 Nf6 5. 0-0 0-0 6. d3 c5 7. c3 Nc6 8. Na3 d4 9. e4 dxe3 10. Bxe3 Bf5 11. Bxc5 Bxd3 12. Re1 Be4 13. Ne5 Qa5 14. Nxc6 Qxc5+ 15. Nd4 Bxg2 16. Kxg2 Nd5 17. Nac2 e6 18. Qf3 b5 19. Rad1 Rad8 20. Qe2 b4 21. cxb4 Nxb4 22. Nxb4 Rxd4 23. Rxd4 Qxd4 24. Qb5 Qxb2+ 25. Re2 Qb1 26. a4 Bd4 27. Nc6 Qg1+ 28. Kh3 Bf6 29. Rc2 h5 30. Qe2 h4 31. gxh4 Kg7 32. Ne5 Rh8 33. Nf3 Qb1 34. Rc7 Qb6 35. Rd7 Qb3 36. Kg2 Rc8 37. Nd2 Qb6 38. Ne4 Bxh4 39. Qf3 Qb2+ 40. Kh3 Rh8 41. Kg4 Qxh2 42. Rxf7+ Kxf7 43. Ng5+ Bxg5 44. fxg5+ Ke7 45. Qf6+ Kd6 0-1

[Event "Kiel op-A 29th"]
[Site "Kiel"]
[Date "2016.08.02"]
[Round "6"]
[White "Fries Nielsen, Jens Ove"]
[Black "Jacobs, Florian"]
[Result "1/2-1/2"]
[WhiteElo "2359"]
[BlackElo "2228"]
[PlyCount "82"]
[EventDate "2016.07.30"]
[EventType "swiss"]
[EventRounds "9"]
[EventCountry "GER"]
[SourceTitle "CBM 173 Extra"]
[Source "ChessBase"]
[SourceDate "2016.08.29"]
[SourceVersion "1"]
[SourceVersionDate "2016.08.29"]
[SourceQuality "1"]

1. d4 Nf6 2. Nc3 d5 3. Bf4 g6 4. Qd2 Bg7 5. Bh6 Bxh6 6. Qxh6 c5 7. e3 Nc6 8. Bb5 cxd4 9. exd4 Qb6 10. Nf3 a6 11. Bxc6+ bxc6 12. 0-0 Bg4 13. Ne5 Qxb2 14. Qe3 Be6 15. Rab1 Qxc2 16. Rfc1 Qf5 17. Nxc6 Rc8 18. Rb6 Ng4 19. Qd2 Bd7 20. Nb4 Nf6 21. Nxa6 0-0 22. Re1 Ne4 23. Nxe4 dxe4 24. Nc5 Bc6 25. Qe3 Rfd8 26. a4 Qd5 27. Rb4 Ba8 28. h3 Qd6 29. Rc4 Bd5 30. Rcc1 e5 31. a5 Ba8 32. dxe5 Qxe5 33. a6 Kg7 34. Rc3 Rc6 35. Rec1 Rcd6 36. f4 Rd1+ 37. Kh2 Qd4 38. Rxd1 Qxe3 39. Rxe3 Rxd1 40. Nxe4 Bxe4 41. Rxe4 Ra1 1/2-1/2

[Event "Hasselbacken op"]
[Site "Stockholm"]
[Date "2016.05.03"]
[Round "4"]
[White "Svensson, Hakan"]
[Black "Jacobs, Florian"]
[Result "0-1"]
[WhiteElo "2051"]
[BlackElo "2229"]
[PlyCount "72"]
[EventDate "2016.04.30"]
[EventType "swiss"]
[EventRounds "9"]
[EventCountry "SWE"]
[SourceTitle "CBM 172 Extra"]
[Source "ChessBase"]
[SourceDate "2016.06.21"]
[SourceVersion "1"]
[SourceVersionDate "2016.06.21"]
[SourceQuality "1"]

1. d4 Nf6 2. Bg5 Ne4 3. Bf4 c5 4. f3 Qa5+ 5. c3 Nf6 6. d5 Qb6 7. Bc1 e6 8. e4 exd5 9. exd5 d6 10. c4 Bf5 11. Nc3 Be7 12. Bd3 Bxd3 13. Qxd3 Nbd7 14. f4 0-0 15. Nh3 Ne8 16. Rb1 Bh4+ 17. g3 Bf6 18. 0-0 Qa6 19. a3 Bxc3 20. Qxc3 b5 21. b3 bxc4 22. Bb2 cxb3 23. Rfe1 Nef6 24. g4 Nb6 25. g5 Na4 26. Qf3 Nd7 27. Re7 Nxb2 28. Rxd7 Nc4 29. Qxb3 Nd2 30. Qb5 Qxa3 31. Nf2 Nxb1 32. Qxb1 Rab8 33. Qf5 Qc1+ 34. Kg2 Rb1 35. Re7 Qf1+ 36. Kf3 Rb2 0-1

[Event "Hasselbacken op"]
[Site "Stockholm"]
[Date "2016.05.01"]
[Round "2"]
[White "Almasi, Zoltan"]
[Black "Jacobs, Florian"]
[Result "1-0"]
[WhiteElo "2682"]
[BlackElo "2229"]
[PlyCount "97"]
[EventDate "2016.04.30"]
[EventType "swiss"]
[EventRounds "9"]
[EventCountry "SWE"]
[SourceTitle "CBM 172 Extra"]
[Source "ChessBase"]
[SourceDate "2016.06.21"]
[SourceVersion "1"]
[SourceVersionDate "2016.06.21"]
[SourceQuality "1"]

1. Nf3 Nf6 2. c4 g6 3. b3 Bg7 4. Bb2 0-0 5. g3 d6 6. Bg2 e5 7. d3 c5 8. 0-0 Nc6 9. Nc3 h6 10. e3 Be6 11. d4 exd4 12. exd4 d5 13. cxd5 Nxd5 14. Na4 cxd4 15. Nxd4 Nxd4 16. Bxd4 b6 17. Rc1 Rb8 18. Bxg7 Kxg7 19. Qd2 Nf6 20. Qb2 Rc8 21. Rxc8 Bxc8 22. Nc3 Kh7 23. Nb5 a6 24. Na7 Qd6 25. Qe2 a5 26. Rd1 Qc7 27. Qb2 Bg4 28. Rc1 Qe7 29. Nc6 Qd6 30. h3 Bd7 31. Ne5 Be6 32. Rc6 Qd1+ 33. Kh2 Nd7 34. Nxd7 Qxd7 35. Rxb6 Rd8 36. Ra6 Qb5 37. Ra7 Qc5 38. Rb7 Rd4 39. Rb8 g5 40. Ra8 Bd5 41. Rd8 Kg6 42. a3 f6 43. Rd6 Kh7 44. b4 axb4 45. axb4 Qc4 46. Qb1+ Kg7 47. Qf5 Bxg2 48. Qxf6+ Kg8 49. Rxd4 1-0

[Event "Amsterdam Science Park op-A"]
[Site "Amsterdam"]
[Date "2015.07.14"]
[Round "4"]
[White "Kevlishvili, Robby"]
[Black "Jacobs, Florian"]
[Result "1/2-1/2"]
[WhiteElo "2355"]
[BlackElo "2186"]
[PlyCount "52"]
[EventDate "2015.07.11"]
[EventType "swiss"]
[EventRounds "9"]
[EventCountry "NED"]
[SourceTitle "CBM 167 Extra"]
[Source "ChessBase"]
[SourceDate "2015.09.14"]
[SourceVersion "1"]
[SourceVersionDate "2015.09.14"]
[SourceQuality "1"]

1. e4 e5 2. Nf3 Nc6 3. Bb5 Nf6 4. d3 Bc5 5. Bxc6 dxc6 6. 0-0 Bd6 7. Nbd2 0-0 8. Nc4 Nd7 9. a4 Re8 10. Re1 Nf8 11. Be3 c5 12. h3 Ng6 13. Nh2 Be6 14. Nd2 a5 15. Nhf1 Qf6 16. Ng3 Nf4 17. Qf3 Bd7 18. b3 b6 19. Kh1 Kh8 20. Ngf1 g5 21. Nh2 Rg8 22. Nc4 Rg6 23. Bd2 Qg7 24. Ne3 h5 25. Nf5 Qh7 26. h4 g4 1/2-1/2

[Event "Amsterdam Science Park op-A"]
[Site "Amsterdam"]
[Date "2015.07.13"]
[Round "3"]
[White "Jacobs, Florian"]
[Black "Lai, Hing Ting"]
[Result "0-1"]
[WhiteElo "2186"]
[BlackElo "2332"]
[PlyCount "94"]
[EventDate "2015.07.11"]
[EventType "swiss"]
[EventRounds "9"]
[EventCountry "NED"]
[SourceTitle "CBM 167 Extra"]
[Source "ChessBase"]
[SourceDate "2015.09.14"]
[SourceVersion "1"]
[SourceVersionDate "2015.09.14"]
[SourceQuality "1"]

1. d4 Nf6 2. c4 c6 3. Nf3 d5 4. e3 a6 5. Bd3 Bg4 6. b3 e6 7. Bb2 Bb4+ 8. Bc3 Bxc3+ 9. Nxc3 Nbd7 10. Be2 b5 11. 0-0 Qb8 12. Nd2 Bf5 13. a3 0-0 14. Nf3 h6 15. h3 Bh7 16. Bd3 Ne4 17. Qc2 f5 18. Nd2 Qd6 19. Ne2 e5 20. cxd5 cxd5 21. Bxe4 fxe4 22. Rac1 Rad8 23. Qc6 Qxa3 24. Qxd5+ Kh8 25. Rc7 Qa5 26. Rxd7 Rxd7 27. Qxd7 Qxd2 28. Ng3 exd4 29. Nh5 Rg8 30. Qxd4 Qxd4 31. exd4 Rd8 32. Ra1 Rd6 33. Nf4 Bg8 34. b4 Bc4 35. h4 Kg8 36. h5 Kf7 37. Rd1 Kf6 38. g3 Kg5 39. d5 Kf6 40. Ra1 Ke5 41. Ne6 Bxd5 42. Nxg7 Rd7 43. Ne8 Re7 44. Rxa6 Rxe8 45. Rxh6 Rc8 46. Kh2 Rc2 47. Rb6 e3 0-1

[Event "Maastricht Limburg op-A 9th"]
[Site "Maastricht"]
[Date "2015.05.25"]
[Round "6"]
[White "Lanchava, Tea"]
[Black "Jacobs, Florian"]
[Result "1/2-1/2"]
[WhiteElo "2250"]
[BlackElo "2177"]
[PlyCount "150"]
[EventDate "2015.05.22"]
[EventType "swiss"]
[EventRounds "7"]
[EventCountry "NED"]
[SourceTitle "CBM 166 Extra"]
[Source "ChessBase"]
[SourceDate "2015.06.18"]
[SourceVersion "1"]
[SourceVersionDate "2015.06.18"]
[SourceQuality "1"]

1. Nf3 Nf6 2. d4 g6 3. b3 Bg7 4. Bb2 0-0 5. e3 c5 6. Bd3 cxd4 7. exd4 Nc6 8. 0-0 d5 9. c3 Bg4 10. h3 Bxf3 11. Qxf3 e5 12. dxe5 Nxe5 13. Qd1 Nxd3 14. Qxd3 Ne4 15. Na3 Qa5 16. b4 Qb6 17. Rab1 Rfe8 18. c4 Bxb2 19. Rxb2 dxc4 20. Nxc4 Qb5 21. Qb3 Rac8 22. Ne3 h5 23. Nd5 Qxf1+ 24. Kxf1 Rc1+ 25. Ke2 Nc5+ 26. Qe3 Rxe3+ 27. Nxe3 Ne6 28. Kf3 f5 29. Rd2 Ra1 30. g3 Kf7 31. Rd7+ Kf6 32. Nd5+ Ke5 33. Ke3 Re1+ 34. Kd2 Ra1 35. Nc3 f4 36. Rxb7 fxg3 37. fxg3 a6 38. Rb6 Rg1 39. Rxa6 Rg2+ 40. Kc1 Nd4 41. Ra5+ Ke6 42. Rc5 Rxg3 43. b5 Nxb5 44. Nxb5 Rxh3 45. a4 Rh1+ 46. Kc2 h4 47. a5 h3 48. a6 h2 49. a7 Rb1 50. Kxb1 h1Q+ 51. Kb2 Qb7 52. Kc3 Kf6 53. Kb4 g5 54. Ka5 g4 55. Rc7 Qa8 56. Kb6 g3 57. Rc1 g2 58. Nc7 Qe4 59. a8Q Qe3+ 60. Rc5 Qxc5+ 61. Kxc5 g1Q+ 62. Kd6 Qg3+ 63. Kd7 Qg4+ 64. Kc6 Qc4+ 65. Kb6 Qd4+ 66. Kc6 Qc4+ 67. Kd7 Qg4+ 68. Kd8 Qd4+ 69. Kc8 Qg4+ 70. Kd8 Qd4+ 71. Ke8 Qe5+ 72. Kd7 Qd4+ 73. Nd5+ Ke5 74. Qh8+ Kxd5 75. Qxd4+ Kxd4 1/2-1/2

[Event "Maastricht Limburg op-A 9th"]
[Site "Maastricht"]
[Date "2015.05.24"]
[Round "5"]
[White "Jacobs, Florian"]
[Black "Beukema, Stefan"]
[Result "0-1"]
[WhiteElo "2177"]
[BlackElo "2347"]
[PlyCount "70"]
[EventDate "2015.05.22"]
[EventType "swiss"]
[EventRounds "7"]
[EventCountry "NED"]
[SourceTitle "CBM 166 Extra"]
[Source "ChessBase"]
[SourceDate "2015.06.18"]
[SourceVersion "1"]
[SourceVersionDate "2015.06.18"]
[SourceQuality "1"]

1. d4 f5 2. g3 Nf6 3. Bg2 g6 4. Nf3 Bg7 5. 0-0 0-0 6. b3 d6 7. Bb2 Qe8 8. c4 h6 9. Nc3 c6 10. Qc2 e5 11. dxe5 dxe5 12. e4 f4 13. Ba3 Rf7 14. Rad1 Bg4 15. h3 Bxf3 16. Bxf3 Nbd7 17. Kg2 Bf8 18. Qb2 Bc5 19. Ne2 Bxa3 20. Qxa3 g5 21. Rh1 h5 22. g4 hxg4 23. hxg4 Nf8 24. Rh6 Kg7 25. Rdh1 Ng6 26. Ng1 Qd7 27. Kf1 Qd3+ 28. Be2 Qb1+ 29. Kg2 Qxe4+ 30. f3 Qd4 31. b4 Rd8 32. Qc1 Qe3 33. Qxe3 fxe3 34. Nh3 Kxh6 35. Nf4+ Nh4+ 0-1

[Event "Maastricht Limburg op-A 9th"]
[Site "Maastricht"]
[Date "2015.05.23"]
[Round "2"]
[White "Nguyen, Kevin"]
[Black "Jacobs, Florian"]
[Result "1/2-1/2"]
[WhiteElo "2090"]
[BlackElo "2177"]
[PlyCount "44"]
[EventDate "2015.05.22"]
[EventType "swiss"]
[EventRounds "7"]
[EventCountry "NED"]
[SourceTitle "CBM 166 Extra"]
[Source "ChessBase"]
[SourceDate "2015.06.18"]
[SourceVersion "1"]
[SourceVersionDate "2015.06.18"]
[SourceQuality "1"]

1. e4 e5 2. Nf3 Nc6 3. Bb5 Nf6 4. 0-0 Nxe4 5. d4 Nd6 6. Bxc6 dxc6 7. Nxe5 Be7 8. Nc3 0-0 9. Bf4 Nf5 10. Nf3 Be6 11. Qd3 Qd7 12. Rad1 Rad8 13. Ne4 c5 14. Nxc5 Bxc5 15. dxc5 Qxd3 16. Rxd3 Rxd3 17. cxd3 c6 18. g4 Ne7 19. Bd6 Re8 20. h3 Nc8 21. Bf4 Bxa2 22. Nd4 Bd5 1/2-1/2

[Event "Amsterdam Science Park op-A"]
[Site "Amsterdam"]
[Date "2014.07.10"]
[Round "6"]
[White "Beerdsen, Thomas"]
[Black "Jacobs, Florian"]
[Result "1/2-1/2"]
[WhiteElo "2260"]
[BlackElo "2132"]
[PlyCount "109"]
[EventDate "2014.07.05"]
[EventType "swiss"]
[EventRounds "9"]
[EventCountry "NED"]
[SourceTitle "CBM 161 Extra"]
[Source "ChessBase"]
[SourceDate "2014.08.29"]
[SourceVersion "1"]
[SourceVersionDate "2014.08.29"]
[SourceQuality "1"]

1. e4 c5 2. Nf3 d6 3. d4 cxd4 4. Nxd4 Nf6 5. Nc3 a6 6. Rg1 b5 7. g4 e6 8. g5 Nfd7 9. h4 Bb7 10. Bg2 b4 11. Nce2 Nc5 12. Ng3 d5 13. exd5 Bxd5 14. Be3 Bxg2 15. Rxg2 Qd5 16. Rg1 Nc6 17. Nxc6 Qxc6 18. Qe2 Rd8 19. Rd1 Rxd1+ 20. Qxd1 Nd7 21. Kd2 Qd5+ 22. Ke2 Qxa2 23. Qd4 Bc5 24. Qxg7 Rf8 25. Qxh7 Bxe3 26. fxe3 Qxb2 27. Qd3 Ne5 28. Qe4 b3 29. Qa4+ Ke7 30. Qb4+ Ke8 31. Qxb3 Qxb3 32. cxb3 Ke7 33. Ne4 Rb8 34. Nd2 Rb4 35. Rh1 Rg4 36. Nf3 Nxf3 37. Kxf3 Rb4 38. h5 Rxb3 39. Rc1 Rb5 40. Kg4 Rb4+ 41. Kg3 Kf8 42. Rc8+ Kg7 43. Ra8 Re4 44. h6+ Kh7 45. Rf8 f5 46. gxf6 Kxh6 47. Kf3 Re5 48. e4 Kg6 49. Kf4 Rb5 50. e5 Rb4+ 51. Ke3 Kf5 52. Rg8 Rb7 53. Rg7 Rb8 54. f7 Rf8 55. Kd4 1/2-1/2

[Event "Amsterdam Science Park op-A"]
[Site "Amsterdam"]
[Date "2014.07.08"]
[Round "4"]
[White "Jacobs, Florian"]
[Black "Kohler, Aran"]
[Result "1/2-1/2"]
[WhiteElo "2132"]
[BlackElo "2222"]
[PlyCount "119"]
[EventDate "2014.07.05"]
[EventType "swiss"]
[EventRounds "9"]
[EventCountry "NED"]
[SourceTitle "CBM 161 Extra"]
[Source "ChessBase"]
[SourceDate "2014.08.29"]
[SourceVersion "1"]
[SourceVersionDate "2014.08.29"]
[SourceQuality "1"]

1. d4 d5 2. c4 c6 3. Nf3 Nf6 4. e3 e6 5. b3 Nbd7 6. Bd3 g5 7. Bb2 Bd6 8. Nbd2 g4 9. Ne5 Rg8 10. cxd5 exd5 11. Qc2 Kf8 12. 0-0-0 Qe7 13. Nxd7+ Bxd7 14. e4 dxe4 15. Nxe4 Nxe4 16. Bxe4 f5 17. Bd3 Re8 18. Kb1 Rg5 19. h3 gxh3 20. Rxh3 Rxg2 21. Bxf5 Bxf5 22. Qxf5+ Kg8 23. Re3 Rf8 24. Qa5 Qf7 25. d5 Qg6+ 26. Ka1 Rfxf2 27. Qd8+ Rf8 28. Qd7 Qc2 29. Qe6+ Rf7 30. Rb1 Ba3 31. Qc8+ Bf8 32. Qe6 Rg6 33. Qe8 cxd5 34. Rc3 Qf5 35. Rc8 h5 36. Bd4 b6 37. a4 Rg2 38. Bb2 Kh7 39. Rh1 Qf3 40. Qe5 Bg7 41. Rxh5+ Kg6 42. Rc6+ Bf6 43. Rh8 Kg7 44. Rxf6 Qxf6 45. Qxf6+ Rxf6 46. Rd8 Rd2 47. Rd7+ Kg6 48. Bxf6 Kxf6 49. Rxa7 Ke5 50. Rb7 Kd4 51. Rxb6 Kc3 52. a5 Rh2 53. a6 Rh8 54. a7 Ra8 55. Rb7 d4 56. Ka2 d3 57. Rc7+ Kb4 58. Rd7 d2 59. Rxd2 Rxa7+ 60. Kb2 1/2-1/2

[Event "Groningen op-A 50th"]
[Site "Groningen"]
[Date "2012.12.21"]
[Round "1"]
[White "Jacobs, Florian"]
[Black "Barua, Dibyendu"]
[Result "1/2-1/2"]
[WhiteElo "2151"]
[BlackElo "2410"]
[PlyCount "36"]
[EventDate "2012.12.21"]
[EventType "swiss"]
[EventRounds "9"]
[EventCountry "NED"]
[SourceTitle "CBM 152 Extra"]
[Source "ChessBase"]
[SourceDate "2013.02.25"]
[SourceVersion "1"]
[SourceVersionDate "2013.02.25"]
[SourceQuality "1"]

1. d4 Nf6 2. c4 e6 3. Nc3 d5 4. cxd5 exd5 5. Bg5 c6 6. Qc2 Be7 7. e3 Nbd7 8. Bd3 Nf8 9. Nge2 Ne6 10. Bh4 g6 11. 0-0 Ng7 12. f3 0-0 13. Kh1 Re8 14. Bf2 c5 15. dxc5 Bxc5 16. Nb5 Bb6 17. Nbd4 Nd7 18. Nf4 Ne5 1/2-1/2